000 00759nam a2200121Ia 4500
008 220620s9999||||xx |||||||||||||| ||und||
100 _aRomano, Donato||Stefani, Gianluca
245 0 _aHow safe is eating chicken?
546 _aEnglish[eng]
650 _aeconomics||sociology||unione europea||alimentazione||sociologia||atti di convegno||european union||proceedings||nutrition||economia||Bovine spongiform encephalopathy||Chicken||Food chain||Food safety||France||Germany||Italy||Netherlands||Risk management||Risk perception
856 _uhttps://library.oapen.org/bitstream/20.500.12657/34889/1/345473.pdf||https://library.oapen.org/bitstream/20.500.12657/34889/1/345473.pdf||https://library.oapen.org/bitstream/20.500.12657/34889/1/345473.pdf
942 _cEB
999 _c26693
_d26693